00656 2200241 4500001002100000005001700021008004100038020002200079035002400101040001200125082001200137084001800149100001500167245006600182250001100248260003700259300002700296500003100323650001200354700001800366850001200384990001800396INLIS00000000002622320170317131416.0  a978-979-692-721-0 0010-031700000000333 aYOPDYOG a342.088 a342.088 Moh P aMOH. YAMIN aPendidikan anti korupsic/ Moh. Yamin ; editor, Pipih Latifah aCet.1. aBandungbRemaja Rosdakaryac2016 axii, 140 hlm.c; 24 cm aBibliografi : hlm. 131-136 aKorupsi aPipih Latifah aYOPDYOG a53626-PD/A.17